Большая Советская Энциклопедия (ბიბ.ჩანაწერი № 44080)
[ მარტივი ფორმატი ]
| 000 -LEADER | |
|---|---|
| fixed length control field | 00537nam a2200145Ia 4500 |
| 001 - CONTROL NUMBER | |
| control field | 10837 |
| 003 - CONTROL NUMBER IDENTIFIER | |
| control field | GE_BSU |
| 008 - FIXED-LENGTH DATA ELEMENTS--GENERAL INFORMATION | |
| fixed length control field | 181216s||||||||xx |||||||||||||| ||und|| |
| 040 ## - CATALOGING SOURCE | |
| Transcribing agency | GE_BSU |
| 245 ## - TITLE STATEMENT | |
| Title | Большая Советская Энциклопедия |
| 245 ## - TITLE STATEMENT | |
| Remainder of title | Т.13.Газель-Германий. |
| 245 ## - TITLE STATEMENT | |
| Statement of responsibility, etc. | Гл. ред. Б.А. ВВеденский,члены глав. редакций:Н.Н.Аничков,А.Н.Баранов,и др. |
| 653 ## - INDEX TERM--UNCONTROLLED | |
| Uncontrolled term | Большая Советская Энциклопедия |
| 942 ## - ADDED ENTRY ELEMENTS (KOHA) | |
| Koha item type | წიგნი |
არაა ხელმისაწვდომი ეგზემპლარები.
